Future of retail property (Record no. 78688)

MARC details
000 -LEADER
fixed length control field 00873cam a22001935a 4500
001 - CONTROL NUMBER
control field L137679
008 - FIXED-LENGTH DATA ELEMENTS--GENERAL INFORMATION
fixed length control field 070424s2007 xxk f 000 0 eng d
035 ## - SYSTEM CONTROL NUMBER
System control number (Sirsi) u137679
041 0# - LANGUAGE CODE
Language code of text/sound track or separate title eng
100 1# - MAIN ENTRY--PERSONAL NAME
Personal name Dixon, Tim
245 00 - TITLE STATEMENT
Title Future of retail property
Remainder of title research roundup and BIDs
260 ## - PUBLICATION, DISTRIBUTION, ETC.
Date of publication, distribution, etc. 2007
490 #0 - SERIES STATEMENT
Series statement Property Forecast
Volume/sequential designation March 2007, 8-10(3)
520 ## - SUMMARY, ETC.
Summary, etc. Discusses the role retail plays in the UK economy, changing demographics, consumer activity, the future of brands, locations and retail transport. Reports that with continued focus on price in a deflationary retail environment, growth will be harder to attain. Graphs depict change in size of older age groups and British improvement district area by category of ratepayer.
590 ## - LOCAL NOTE (RLIN)
Local note KA
651 #4 - SUBJECT ADDED ENTRY--GEOGRAPHIC NAME
Geographic name United Kingdom
Chronological subdivision
690 ## - LOCAL SUBJECT ADDED ENTRY--TOPICAL TERM (OCLC, RLIN)
Topical term or geographic name as entry element PROPERTY-COMMERCIAL PROPERTY-RETAIL PROPERTY
942 ## - ADDED ENTRY ELEMENTS (KOHA)
Suppress in OPAC 0
Holdings
Withdrawn status Lost status Source of classification or shelving scheme Damaged status Not for loan Home library Current library Shelving location Date acquired Total Checkouts Full call number Barcode Date last seen Copy number Price effective from Koha item type
    Dewey Decimal Classification     London London Journal article 24/04/2007   L137679 137679-1001 06/08/2019 1 06/08/2019 Journal article